| 000 | 00000nam##2200000za#4500 |
| 001 | 9.600660 |
| 003 | CaOODSP |
| 005 | 20210624205707 |
| 007 | cr ||||||||||| |
| 008 | 150406|1990||||xxc|||||o f|0| 0 fre|d |
| 040 | |aCaOODSP|bfre |
| 043 | |an-cn--- |
| 086 | 1 |aNH18-1/31-1990F-PDF |
| 110 | 2 |aSociété canadienne d'hypothèques et de logement. |
| 245 | 10|aÉtude du concept d'écran pare-pluie appliqué aux systèmes de revêtement de murs à ossature de bois |h[ressource électronique] |
| 260 | |aOttawa - Ontario : |bSociété canadienne d'hypothèques et de logement |c1990. |
| 300 | |a144p.|bfigures, graphiques, tableaux |
| 490 | 1 |aRapport de recherche |
| 590 | |a11-23-Supp|b2011-10-17 |
| 775 | 08|tA study of the rainscreen concept applied to cladding systems on wood frame walls |w(CaOODSP)9.569576 |
| 830 | #0|aResearch report (Société canadienne d'hypothèques et de logement : En ligne)|w(CaOODSP)9.502470 |
| 856 | 40|ahttp://publications.gc.ca|qPDF|s1.29 Mo|uhttps://publications.gc.ca/collections/collection_2011/schl-cmhc/nh18-1/NH18-1-31-1990-fra.pdf |